|
|
|
|
| LEADER |
01116pam a22002658a 4500 |
| 001 |
00021585 |
| 005 |
20171026081023.0 |
| 008 |
110525s1981 ||||||Viesd |
| 041 |
0 |
# |
|a Vie
|
| 082 |
1 |
4 |
|a 570.71
|b PH561PH
|
| 100 |
0 |
# |
|a Dakholepnui.A.N
|
| 245 |
0 |
0 |
|a Phương pháp hình thành những kiến thức về bảo vệ thiên nhiên trong giáo trình sinh học phổ thông
|c A.N.Dakholepnui, I.D.Dovenep; Trần Nhật Tân
|
| 260 |
# |
# |
|a H.
|b Giáo dục
|c 1981
|
| 300 |
# |
# |
|a 192 tr.
|c 21 cm.
|
| 650 |
# |
4 |
|a Sinh học
|
| 653 |
# |
# |
|a Bảo vệ thiên nhiên
|
| 653 |
# |
# |
|a Phương pháp hình thành
|
| 700 |
0 |
# |
|a I.D.Dovenep
|
| 700 |
0 |
# |
|a Trần Nhật Tân
|e Dịch
|
| 852 |
# |
# |
|b Kho giáo trình
|j KGT.0007861, KGT.0007862, KGT.0007863, KGT.0007864, KGT.0007865, KGT.0032830
|
| 852 |
# |
# |
|b Kho mượn
|j KGT.0007861
|
| 852 |
# |
# |
|b Kho đọc
|j KD.0006691
|
| 852 |
# |
# |
|j KD.0006691
|j KGT.0007861
|j KGT.0007862
|j KGT.0007863
|j KGT.0007864
|j KGT.0032830
|
| 910 |
|
|
|d 25/05/2011
|
| 980 |
# |
# |
|a Trung tâm Học liệu Lê Vũ Hùng, Trường Đại học Đồng Tháp
|